Library Banner

Dau inqalab = دو انقلاب : (Record no. 121922)

MARC details
000 -LEADER
fixed length control field 00531nam a22001457a 4500
005 - DATE AND TIME OF LATEST TRANSACTION
control field 20210413103447.0
008 - FIXED-LENGTH DATA ELEMENTS--GENERAL INFORMATION
fixed length control field 210413b ||||| |||| 00| 0 eng d
040 ## - CATALOGING SOURCE
Transcribing agency PK-LaUMT
082 ## - DEWEY DECIMAL CLASSIFICATION NUMBER
Classification number RHC 321.94
Item number HEA-D
100 ## - MAIN ENTRY--PERSONAL NAME
Personal name Heart, Baroos Lock = ہارٹ، بروس لاک
245 ## - TITLE STATEMENT
Title Dau inqalab = دو انقلاب :
Remainder of title ۔1971 میں روس کے واقعات کا آنکوں دیکھا حال /
Statement of responsibility, etc by Baroos Lock Heart = بروس لاک ہارٹ
260 ## - PUBLICATION, DISTRIBUTION, ETC. (IMPRINT)
Place of publication, distribution, etc Dehli :
Name of publisher, distributor, etc National Academy,
Date of publication, distribution, etc 1967
300 ## - PHYSICAL DESCRIPTION
Extent 184 p.
942 ## - ADDED ENTRY ELEMENTS (KOHA)
Koha item type Books
Holdings
Withdrawn status Lost status Damaged status Home library Current library Date acquired Full call number Barcode Date last seen Price effective from Koha item type
      UMT Main Campus UMT Main Campus 2021-04-13 RHC 321.94 HEA-D 137233 2021-04-13 2021-04-13 Books